[Event "Hessen-ch A"]
[Site "Frankfurt/Main"]
[Date "2019.05.30"]
[Round "2"]
[White "Simon, Jonathan"]
[Black "Alkayas, Shadi"]
[Result "1-0"]
[WhiteElo "1959"]
[BlackElo "1760"]
[PlyCount "65"]
[EventDate "2019.05.30"]
[EventType "swiss"]
[EventRounds "7"]
[EventCountry "GER"]

1. d4 e6 2. Nf3 Nf6 3. c4 Bb4+ 4. Bd2 Bxd2+ 5. Nbxd2 d5 6. g3 b6 7. Bg2 Bb7 8.
O-O Nbd7 9. cxd5 exd5 10. Rc1 O-O 11. h4 c5 12. e3 Re8 13. Ng5 h6 14. Nh3 Rc8
15. Qb3 Ne4 16. Nf3 g5 17. g4 f6 18. Rfd1 c4 19. Qc2 f5 20. Ne5 Nxe5 21. dxe5
Rxe5 22. gxf5 Qf6 23. f4 gxf4 24. Nxf4 Rd8 25. Ng6 Rxf5 26. Bxe4 dxe4 27. Rxd8+
Qxd8 28. Qxc4+ Kg7 29. Nf4 Qxh4 30. Qd4+ Kg8 31. Qc4+ Bd5 32. Qc8+ Rf8 33.
Qxf8+ 1-0

[Event "Hessen-ch A"]
[Site "Frankfurt/Main"]
[Date "2019.05.30"]
[Round "2"]
[White "Thomas, Tobias"]
[Black "Eurich, Jannik"]
[Result "0-1"]
[WhiteElo "1942"]
[BlackElo "1704"]
[PlyCount "52"]
[EventDate "2019.05.30"]
[EventType "swiss"]
[EventRounds "7"]
[EventCountry "GER"]

1. c4 b6 2. e4 Bb7 3. Nc3 e6 4. Nge2 d5 5. cxd5 exd5 6. exd5 Nf6 7. Qa4+ Nbd7
8. Nf4 Bd6 9. Bb5 a6 10. Bc6 Bxc6 11. dxc6 Nc5 12. Qc4 Bxf4 13. O-O Bd6 14. d4
Ne6 15. Re1 b5 16. Qd3 O-O 17. d5 Nf4 18. Qd4 b4 19. Bxf4 Bxf4 20. Qxb4 Bd2 21.
Red1 Nxd5 22. Qc4 Nxc3 23. bxc3 Qd6 24. g3 Rfd8 25. a4 Qf6 26. Ra3 Rd6 0-1

[Event "Hessen-ch A"]
[Site "Frankfurt/Main"]
[Date "2019.05.30"]
[Round "2"]
[White "Tietzen, Stefan"]
[Black "Rabiya, Karim"]
[Result "1-0"]
[WhiteElo "2015"]
[BlackElo "1826"]
[PlyCount "85"]
[EventDate "2019.05.30"]
[EventType "swiss"]
[EventRounds "7"]
[EventCountry "GER"]

1. e4 Nf6 2. e5 Nd5 3. d4 d6 4. exd6 cxd6 5. Nf3 Bf5 6. Bd3 Qd7 7. O-O Nc6 8.
a3 h6 9. c4 Nb6 10. b4 Bg4 11. Be3 g5 12. Nbd2 Bg7 13. Nb3 e5 14. d5 Ne7 15.
Rc1 f5 16. Be2 f4 17. Bd2 Rc8 18. Nxe5 Bxe2 19. Nxd7 Bxd1 20. Nxb6 Bxb3 21.
Nxc8 Nxc8 22. Bc3 O-O 23. Bxg7 Kxg7 24. Rc3 Ba4 25. Re1 Re8 26. Rxe8 Bxe8 27.
c5 Kf6 28. c6 b6 29. g3 Ke5 30. gxf4+ gxf4 31. Kf1 Kxd5 32. b5 a6 33. bxa6 Bxc6
34. Rh3 Bb5+ 35. Ke1 Bxa6 36. Rxh6 b5 37. h4 Nb6 38. Rh8 Nc4 39. h5 Bb7 40. h6
Ne5 41. Rb8 Bc6 42. h7 Nf7 43. Rf8 1-0

[Event "Hessen-ch A"]
[Site "Frankfurt/Main"]
[Date "2019.05.30"]
[Round "2"]
[White "Voellinger, Florian"]
[Black "Chandler, Patrick"]
[Result "1-0"]
[WhiteElo "1871"]
[BlackElo "2095"]
[PlyCount "131"]
[EventDate "2019.05.30"]
[EventType "swiss"]
[EventRounds "7"]
[EventCountry "GER"]

1. d4 Nf6 2. c4 e6 3. Nc3 Bb4 4. Qc2 c5 5. dxc5 Bxc5 6. Nf3 Nc6 7. a3 d5 8.
cxd5 exd5 9. Bg5 Be7 10. e3 Be6 11. Be2 h6 12. Bh4 Rc8 13. O-O O-O 14. Qd3 Nd7
15. Bxe7 Nxe7 16. Nd4 Ne5 17. Qd2 Nc4 18. Bxc4 dxc4 19. Qc2 a6 20. Rad1 Qb6 21.
Rd2 Rfe8 22. h3 Nc6 23. Nxc6 Qxc6 24. Rfd1 b5 25. Rd6 Qa8 26. Qd2 Rb8 27. Qd4
Qb7 28. Ne2 a5 29. Nf4 Bf5 30. Nh5 f6 31. g4 Be6 32. Nf4 Bf7 33. Rd7 Qf3 34.
Qa7 Ra8 35. Qb7 Qxb7 36. Rxb7 Reb8 37. Rdd7 Rxb7 38. Rxb7 Rd8 39. Rxb5 Rd1+ 40.
Kg2 Rd2 41. e4 a4 42. Rb8+ Kh7 43. Rb4 Be8 44. h4 Bd7 45. Kg3 g5 46. hxg5 hxg5
47. Nd5 Be6 48. Nxf6+ Kg6 49. Nd5 Rd3+ 50. f3 Bxd5 51. exd5 Rxd5 52. Rxc4 Rd2
53. Rxa4 Rxb2 54. Rb4 Rc2 55. a4 Ra2 56. f4 Ra3+ 57. Kf2 Kf6 58. f5 Ke5 59. Ke2
Kd5 60. Kd2 Kc5 61. Rb5+ Kd4 62. Rb4+ Kc5 63. Rb5+ Kd4 64. f6 Ra2+ 65. Kc1 Rxa4
66. f7 1-0

[Event "Hessen-ch A"]
[Site "Frankfurt/Main"]
[Date "2019.05.31"]
[Round "3"]
[White "Ahrends, Norbert"]
[Black "Neidhardt, Helge"]
[Result "0-1"]
[WhiteElo "1927"]
[BlackElo "2094"]
[PlyCount "42"]
[EventDate "2019.05.30"]
[EventType "swiss"]
[EventRounds "7"]
[EventCountry "GER"]

1. d4 Nf6 2. c4 e6 3. Nc3 Bb4 4. Qc2 O-O 5. a3 Bxc3+ 6. Qxc3 b6 7. Bg5 Bb7 8.
f3 d5 9. e3 h6 10. Bh4 Qe7 11. Bd3 c5 12. Ne2 cxd4 13. Nxd4 Rc8 14. Rc1 Nbd7
15. O-O Ne5 16. Qb3 Ba6 17. Nb5 dxc4 18. Bxc4 Nxc4 19. Rxc4 Rxc4 20. Qxc4 Qd7
21. Bxf6 Qxb5 0-1

[Event "Hessen-ch A"]
[Site "Frankfurt/Main"]
[Date "2019.05.31"]
[Round "3"]
[White "Bagatsch, Thomas"]
[Black "Calvi, Stefan"]
[Result "0-1"]
[WhiteElo "2087"]
[BlackElo "1980"]
[PlyCount "88"]
[EventDate "2019.05.30"]
[EventType "swiss"]
[EventRounds "7"]
[EventCountry "GER"]

1. e4 c5 2. Nf3 Nc6 3. Bb5 g6 4. O-O Bg7 5. Re1 e5 6. b4 Nd4 7. Nxd4 cxd4 8. c3
Qb6 9. a4 Ne7 10. Na3 a6 11. a5 Qd8 12. Ba4 O-O 13. cxd4 exd4 14. Nc4 d5 15.
Nb6 Rb8 16. d3 dxe4 17. Bf4 Be6 18. Bxb8 Qxb8 19. Rxe4 Qd6 20. Qd2 Nd5 21. Nxd5
Bxd5 22. Re2 Be5 23. Rae1 Bxh2+ 24. Kf1 Bf4 25. Qb2 Qf6 26. Re8 Rxe8 27. Rxe8+
Kg7 28. Bd7 Bd6 29. Bh3 h5 30. Qe2 Bc6 31. Re4 Bxb4 32. Bc8 Qd8 33. Bh3 Qxa5
34. f3 Bxe4 35. Qxe4 Bc3 36. Kg1 Qc7 37. f4 b5 38. f5 b4 39. Qa8 Bd2 40. Qxa6
Be3+ 41. Kh1 Qc1+ 42. Kh2 Qg1+ 43. Kg3 Qf2+ 44. Kh2 Bf4+ 0-1

[Event "Hessen-ch A"]
[Site "Frankfurt/Main"]
[Date "2019.05.31"]
[Round "3"]
[White "Bethke, Robert"]
[Black "Blaschke, Henri Johannes"]
[Result "1/2-1/2"]
[WhiteElo "2024"]
[BlackElo "1838"]
[PlyCount "36"]
[EventDate "2019.05.30"]
[EventType "swiss"]
[EventRounds "7"]
[EventCountry "GER"]

1. c4 e6 2. Nc3 d5 3. cxd5 exd5 4. d4 c6 5. Nf3 Bd6 6. e3 Ne7 7. Bd3 Bf5 8. O-O
O-O 9. e4 dxe4 10. Nxe4 Bc7 11. Bg5 Kh8 12. Nc5 Bc8 13. Qc2 f6 14. Bh4 b6 15.
Nb3 Ba6 16. Bxh7 Bxf1 17. Rxf1 Bf4 18. Re1 Na6 1/2-1/2

[Event "Hessen-ch A"]
[Site "Frankfurt/Main"]
[Date "2019.05.31"]
[Round "3"]
[White "Bluebaum, Johanna"]
[Black "Dunsbach, Ralf"]
[Result "1/2-1/2"]
[WhiteElo "2003"]
[BlackElo "2142"]
[PlyCount "70"]
[EventDate "2019.05.30"]
[EventType "swiss"]
[EventRounds "7"]
[EventCountry "GER"]

1. d4 d5 2. c4 dxc4 3. e4 Nc6 4. Nf3 Bg4 5. d5 Ne5 6. Bf4 Ng6 7. Bg3 Nf6 8. Nc3
e5 9. Bxc4 a6 10. h3 Bxf3 11. Qxf3 Bd6 12. O-O O-O 13. Rfe1 Qe7 14. Nd1 Qd7 15.
Ne3 Nxe4 16. Qxe4 f5 17. Nxf5 Qxf5 18. Qxf5 Rxf5 19. Bd3 Rh5 20. Bxg6 hxg6 21.
Re4 Rd8 22. Rae1 Rf5 23. b4 Rd7 24. Bxe5 Bxe5 25. Rxe5 Rxd5 26. Rxd5 Rxd5 27.
Re7 Rd1+ 28. Kh2 Rc1 29. a3 Kh7 30. Kg3 Rc3+ 31. Re3 Rc4 32. Kf3 c5 33. bxc5
Rxc5 34. Rb3 b5 35. Ke3 Rc4 1/2-1/2

[Event "Hessen-ch A"]
[Site "Frankfurt/Main"]
[Date "2019.05.31"]
[Round "3"]
[White "Burkhardt, Holger"]
[Black "Hasenstab, Robin"]
[Result "0-1"]
[WhiteElo "2042"]
[BlackElo "1807"]
[PlyCount "134"]
[EventDate "2019.05.30"]
[EventType "swiss"]
[EventRounds "7"]
[EventCountry "GER"]

1. d4 d5 2. Nc3 Nf6 3. Bf4 Bf5 4. f3 c6 5. g4 Bg6 6. h4 h6 7. e3 e6 8. Bd3 Bxd3
9. Qxd3 Bd6 10. Nge2 Bxf4 11. exf4 Nbd7 12. O-O-O Qc7 13. Qe3 O-O-O 14. Kb1 Ne8
15. Nc1 Nd6 16. Nd3 Nc4 17. Qc1 Rhf8 18. b3 Qa5 19. Ne2 Na3+ 20. Kb2 Kb8 21.
Qd2 Qxd2 22. Rxd2 Nb5 23. a4 Nd6 24. Ng3 g6 25. h5 Rg8 26. hxg6 Rxg6 27. Rdh2
Rh8 28. Ne5 Nxe5 29. dxe5 Nc8 30. g5 Ne7 31. Rxh6 Rgxh6 32. Rxh6 Rf8 33. Kc3
Ng6 34. Ne2 c5 35. Kd3 Kc7 36. Ke3 Kc6 37. Rh7 b5 38. axb5+ Kxb5 39. Rh1 a5 40.
Ra1 Ra8 41. Ra4 Kb6 42. Kf2 Rh8 43. Ra1 Rh2+ 44. Ke3 Nh4 45. Rf1 Nf5+ 46. Kd3
c4+ 47. bxc4 dxc4+ 48. Kd2 Nd4 49. Kc3 Nxe2+ 50. Kxc4 Nxf4 51. c3 Rg2 52. Rb1+
Kc6 53. Rb5 a4 54. Ra5 Rxg5 55. Ra6+ Kb7 56. Rxa4 Rxe5 57. Kd4 Rd5+ 58. Ke3 Ng6
59. Rc4 Ne5 60. Rb4+ Kc7 61. f4 Nc6 62. Ra4 f5 63. Ra1 Kd6 64. Ra4 Kc5 65. Ke2
Kb5 66. Ra8 Kc4 67. Rc8 Rd6 0-1

[Event "Hessen-ch A"]
[Site "Frankfurt/Main"]
[Date "2019.05.31"]
[Round "3"]
[White "Carow, Annelen"]
[Black "Foerster Yialamas, Lucas"]
[Result "1-0"]
[WhiteElo "2131"]
[BlackElo "1981"]
[PlyCount "59"]
[EventDate "2019.05.30"]
[EventType "swiss"]
[EventRounds "7"]
[EventCountry "GER"]

1. d4 Nf6 2. c4 g6 3. f3 d5 4. cxd5 Nxd5 5. e4 Nb6 6. Nc3 Bg7 7. Be3 O-O 8. Qd2
Nc6 9. O-O-O Na5 10. b3 Nc6 11. h4 e5 12. d5 Ne7 13. h5 f5 14. hxg6 hxg6 15.
Bxb6 axb6 16. d6 cxd6 17. Bc4+ Rf7 18. Qxd6 Qf8 19. Qc7 Bh6+ 20. Kb1 Kh7 21.
Bxf7 Qxf7 22. Nd5 Be6 23. Qxe7 Bxd5 24. Qh4 Qg7 25. Rxd5 fxe4 26. Qxh6+ Qxh6
27. Rd7+ Kg8 28. Rxh6 e3 29. Rxg6+ Kf8 30. Ne2 1-0

[Event "Hessen-ch A"]
[Site "Frankfurt/Main"]
[Date "2019.05.31"]
[Round "3"]
[White "Dietze, Frank"]
[Black "Voellinger, Florian"]
[Result "1-0"]
[WhiteElo "2112"]
[BlackElo "1871"]
[PlyCount "101"]
[EventDate "2019.05.30"]
[EventType "swiss"]
[EventRounds "7"]
[EventCountry "GER"]

1. d4 d5 2. c4 e6 3. Nf3 Nf6 4. Bg5 Be7 5. e3 h6 6. Bh4 O-O 7. Nc3 b6 8. cxd5
Nxd5 9. Bxe7 Nxe7 10. Bd3 Bb7 11. O-O Nd7 12. Qe2 c5 13. Rfd1 cxd4 14. exd4 Nd5
15. Nxd5 Bxd5 16. Rd2 Rc8 17. Rad1 a5 18. a3 Qe7 19. Ne5 Rfd8 20. g3 Nf6 21.
Re1 Ba8 22. Qe3 Qd6 23. Qf4 Rc7 24. h4 Kf8 25. Bf1 Qd5 26. f3 Bb7 27. g4 Qd6
28. g5 Nd5 29. Qg4 hxg5 30. hxg5 g6 31. Bd3 Ne7 32. Be4 Bxe4 33. fxe4 Nc6 34.
Nf3 Rcd7 35. Red1 b5 36. Kg2 b4 37. Qg3 Qxg3+ 38. Kxg3 Ke7 39. Kf4 f6 40. gxf6+
Kxf6 41. d5 exd5 42. Rc1 Rd6 43. Rxd5 Nd4 44. e5+ Kf7 45. Rc7+ Ke8 46. exd6
Ne6+ 47. Ke5 Nxc7 48. dxc7 Rxd5+ 49. Kxd5 Kd7 50. Ne5+ Kxc7 51. axb4 1-0

[Event "Hessen-ch A"]
[Site "Frankfurt/Main"]
[Date "2019.05.31"]
[Round "3"]
[White "Dreis, Volker"]
[Black "Dzyba, Sultan"]
[Result "1-0"]
[WhiteElo "1930"]
[BlackElo "1982"]
[PlyCount "45"]
[EventDate "2019.05.30"]
[EventType "swiss"]
[EventRounds "7"]
[EventCountry "GER"]

1. e4 c5 2. Nf3 d6 3. d4 cxd4 4. Nxd4 Nf6 5. Nc3 a6 6. Bg5 e6 7. f4 Be7 8. Qf3
Qc7 9. O-O-O Nbd7 10. g4 h6 11. Bxf6 Nxf6 12. h4 Bd7 13. g5 Ng8 14. Bh3 Rc8 15.
g6 Nf6 16. gxf7+ Kxf7 17. e5 dxe5 18. fxe5 Qxe5 19. Rhe1 Qa5 20. Nxe6 Bc6 21.
Qg3 Rhg8 22. Nf4 g5 23. Be6+ 1-0

[Event "Hessen-ch A"]
[Site "Frankfurt/Main"]
[Date "2019.05.31"]
[Round "3"]
[White "Emig, Nils"]
[Black "Tietzen, Stefan"]
[Result "1-0"]
[WhiteElo "1784"]
[BlackElo "2015"]
[PlyCount "75"]
[EventDate "2019.05.30"]
[EventType "swiss"]
[EventRounds "7"]
[EventCountry "GER"]

1. d4 Nf6 2. c4 g6 3. f3 c5 4. d5 d6 5. e4 Bg7 6. Nc3 O-O 7. Be3 a6 8. Qd2 Bd7
9. g4 Qa5 10. h4 h5 11. gxh5 Nxh5 12. Nge2 e5 13. Rg1 Qd8 14. Bg5 Bf6 15. f4
Qe7 16. a4 b6 17. f5 Kh7 18. Bh3 Ra7 19. Qe3 Rg8 20. Qf3 Rg7 21. Bg4 Bxg5 22.
hxg5 Qxg5 23. Bxh5 Qxh5 24. Rh1 Qxh1+ 25. Qxh1+ Kg8 26. fxg6 Rxg6 27. Kd2 Bg4
28. Rg1 f5 29. Qh4 Nd7 30. exf5 Bxf5 31. Rxg6+ Bxg6 32. Ng3 Nf8 33. Nge4 Rf7
34. Nf6+ Kg7 35. Nce4 Bxe4 36. Nxe4 Rf4 37. Qg5+ Ng6 38. Nxd6 1-0

[Event "Hessen-ch A"]
[Site "Frankfurt/Main"]
[Date "2019.05.31"]
[Round "3"]
[White "Eurich, Jannik"]
[Black "Simon, Jonathan"]
[Result "0-1"]
[WhiteElo "1704"]
[BlackElo "1959"]
[PlyCount "86"]
[EventDate "2019.05.30"]
[EventType "swiss"]
[EventRounds "7"]
[EventCountry "GER"]

1. e4 c5 2. Nf3 Nc6 3. d4 cxd4 4. Nxd4 Nf6 5. Nc3 e5 6. Ndb5 d6 7. Nd5 Nxd5 8.
exd5 Ne7 9. c4 Ng6 10. Be2 a6 11. Nc3 Be7 12. O-O O-O 13. Be3 f5 14. f4 exf4
15. Bd4 Bf6 16. Bh5 Ne5 17. c5 g6 18. Be2 Re8 19. Rxf4 Bg5 20. Rf1 dxc5 21.
Bxc5 b6 22. Ba3 Be3+ 23. Kh1 Qh4 24. Qa4 Qxa4 25. Nxa4 Bd7 26. Nc3 b5 27. d6
Bc6 28. Rad1 Rab8 29. Bb4 Bb6 30. Ba3 Ba7 31. b4 Rbd8 32. Bc1 Nf7 33. a4 Nxd6
34. Bg5 Rd7 35. Bf4 Nc4 36. Rxd7 Bxd7 37. Rd1 Bc6 38. axb5 axb5 39. Ra1 Bd4 40.
Bxc4+ bxc4 41. Bd2 Bxc3 42. Bxc3 Re2 43. Rg1 f4 0-1

[Event "Hessen-ch A"]
[Site "Frankfurt/Main"]
[Date "2019.05.31"]
[Round "3"]
[White "Froehlich Dill, Astrid"]
[Black "Thomas, Tobias"]
[Result "1-0"]
[WhiteElo "1845"]
[BlackElo "1942"]
[PlyCount "75"]
[EventDate "2019.05.30"]
[EventType "swiss"]
[EventRounds "7"]
[EventCountry "GER"]

1. d4 Nf6 2. c4 g6 3. Nc3 d5 4. Bf4 Bg7 5. Nf3 O-O 6. e3 c5 7. Be5 Nc6 8. cxd5
Nxe5 9. dxe5 Ng4 10. Bc4 Nxe5 11. Nxe5 Bxe5 12. O-O a6 13. a4 Qb6 14. Qe2 Qb4
15. Rfc1 Rb8 16. a5 Bd7 17. f4 Bg7 18. Rc2 Rfe8 19. h3 e5 20. f5 Bxf5 21. Ra4
Bxc2 22. Qxc2 b5 23. Rxb4 cxb4 24. Nxb5 axb5 25. Bb3 e4 26. d6 Red8 27. Qc7
Bxb2 28. a6 Be5 29. Qxf7+ Kh8 30. d7 Rf8 31. Qd5 Bc3 32. Qxe4 Ra8 33. Qb7 Bd2
34. e4 Be3+ 35. Kh2 Bf4+ 36. g3 Be3 37. h4 Bd4 38. Bd5 1-0

[Event "Hessen-ch A"]
[Site "Frankfurt/Main"]
[Date "2019.05.31"]
[Round "3"]
[White "Fucik, Timo"]
[Black "Halbig, Christopher"]
[Result "1/2-1/2"]
[WhiteElo "2020"]
[BlackElo "1802"]
[PlyCount "162"]
[EventDate "2019.05.30"]
[EventType "swiss"]
[EventRounds "7"]
[EventCountry "GER"]

1. d4 Nf6 2. c4 d6 3. g3 Nbd7 4. Bg2 e5 5. b3 Be7 6. Bb2 c6 7. dxe5 dxe5 8. Nc3
O-O 9. Qc2 Qc7 10. Nf3 Re8 11. O-O Nf8 12. Rad1 Ng6 13. h3 h6 14. Nd2 Be6 15.
Kh2 Rab8 16. Nce4 Nd7 17. e3 Ngf8 18. Nc3 f5 19. Ne2 Bc5 20. Nc1 e4 21. Qc3 Nf6
22. b4 Be7 23. Ne2 Nh5 24. Nd4 Bf6 25. Qb3 c5 26. Nxe6 Nxe6 27. b5 Rbd8 28. Nb1
Bxb2 29. Qxb2 Ng5 30. Qe2 Nf6 31. h4 Nf7 32. Nc3 Qe5 33. Qc2 g5 34. hxg5 hxg5
35. Rxd8 Rxd8 36. Rd1 Ng4+ 37. Kg1 Rxd1+ 38. Nxd1 Qa1 39. Bh3 Nfe5 40. Kg2 Nd3
41. Qe2 Nh6 42. Qh5 Qg7 43. Qe8+ Kh7 44. Bxf5+ Nxf5 45. Qxe4 Qd7 46. g4 Ne1+
47. Kh3 Qxd1 48. Qxf5+ Kg7 49. Qxg5+ Kf7 50. Qf5+ Ke8 51. Qc8+ Kf7 52. Qxb7+
Kg6 53. Qc6+ Kg7 54. Qb7+ Kg6 55. Qe4+ Kg7 56. Qe5+ Kg6 57. Qf5+ Kg7 58. Qe5+
Kg6 59. Qe4+ Kg7 60. Qe5+ Kg6 61. Qf5+ Kg7 62. g5 Nd3 63. Qf6+ Kg8 64. Qe6+ Kg7
65. Qh6+ Kg8 66. Qg6+ Kf8 67. Qf5+ Kg7 68. Kg2 Ne1+ 69. Kg3 Nd3 70. Qf6+ Kg8
71. Qd8+ Kg7 72. Qe7+ Kg8 73. Qe6+ Kg7 74. Qh6+ Kg8 75. Qg6+ Kf8 76. Qf5+ Kg7
77. Qf6+ Kg8 78. Qg6+ Kf8 79. Qh6+ Kg8 80. Qe6+ Kg7 81. Qf6+ Kg8 1/2-1/2

[Event "Hessen-ch A"]
[Site "Frankfurt/Main"]
[Date "2019.05.31"]
[Round "3"]
[White "Galkin, Wladislaw"]
[Black "Oezdemir, Ali Oezden"]
[Result "0-1"]
[WhiteElo "2156"]
[BlackElo "1997"]
[PlyCount "90"]
[EventDate "2019.05.30"]
[EventType "swiss"]
[EventRounds "7"]
[EventCountry "GER"]

1. c4 g6 2. g3 Bg7 3. Bg2 e5 4. Nc3 Nc6 5. d3 d6 6. e4 Nd4 7. Nce2 Ne7 8. Nxd4
exd4 9. b4 a5 10. b5 c5 11. f4 O-O 12. Nf3 f5 13. O-O fxe4 14. dxe4 Ra7 15. Qd3
b6 16. Bd2 Kh8 17. h3 Ng8 18. g4 Re8 19. f5 gxf5 20. exf5 d5 21. Ng5 Re3 22.
Bxe3 dxe3 23. Ne6 Bxe6 24. fxe6 Bxa1 25. Rxa1 d4 26. Rf1 Rg7 27. Bd5 Qh4 28.
Bg2 h5 29. gxh5 Qxh3 30. Qe4 d3 31. e7 Nxe7 32. Rf8+ Ng8 33. Rxg8+ Kxg8 34.
Qe8+ Kh7 35. Qg6+ Rxg6 36. hxg6+ Kxg6 37. Bxh3 Kg5 38. Kf1 Kf4 39. Ke1 Ke5 40.
Kd1 Kd4 41. Be6 Kc3 42. Bf7 a4 43. a3 Kb3 44. Be6 Kxa3 45. Bf5 Kb2 0-1

[Event "Hessen-ch A"]
[Site "Frankfurt/Main"]
[Date "2019.05.31"]
[Round "3"]
[White "Haack, Kevin"]
[Black "Rolf, Marco"]
[Result "0-1"]
[WhiteElo "2033"]
[BlackElo "2098"]
[PlyCount "70"]
[EventDate "2019.05.30"]
[EventType "swiss"]
[EventRounds "7"]
[EventCountry "GER"]

1. c4 e5 2. g3 Nc6 3. Bg2 f5 4. Nc3 Nf6 5. e3 d5 6. cxd5 Nb4 7. d3 Nfxd5 8.
Nxd5 Nxd5 9. Nf3 Bd6 10. O-O c6 11. e4 Nf6 12. Re1 O-O 13. exf5 Bxf5 14. Qb3+
Kh8 15. Qxb7 Bxd3 16. Nxe5 Bxe5 17. Rxe5 Qd4 18. Re1 Rab8 19. Qe7 Rbe8 20. Be3
Qxb2 21. Qxa7 Rxe3 22. Qxe3 Ng4 23. Qxd3 Qxf2+ 24. Kh1 Qxe1+ 25. Rxe1 Nf2+ 26.
Kg1 Nxd3 27. Re3 Rd8 28. Be4 Nb4 29. a3 Nd5 30. Bxd5 cxd5 31. Kf2 Kg8 32. Rf3
Rb8 33. Ke3 Rb3+ 34. Kf4 g5+ 35. Kg4 h5+ 0-1

[Event "Hessen-ch A"]
[Site "Frankfurt/Main"]
[Date "2019.05.31"]
[Round "3"]
[White "Henrich, David"]
[Black "Schmitt, Carsten"]
[Result "1/2-1/2"]
[WhiteElo "2115"]
[BlackElo "1912"]
[PlyCount "87"]
[EventDate "2019.05.30"]
[EventType "swiss"]
[EventRounds "7"]
[EventCountry "GER"]

1. Nf3 d5 2. e3 Nf6 3. c4 e6 4. Nc3 c5 5. cxd5 exd5 6. Bb5+ Bd7 7. Bxd7+ Nbxd7
8. O-O Bd6 9. d4 c4 10. Bd2 O-O 11. b3 Bb4 12. bxc4 Bxc3 13. Bxc3 dxc4 14. Rb1
b6 15. Qa4 Qc7 16. Qa6 Rfc8 17. Rfc1 Ne4 18. Nd2 Ndf6 19. f3 Nxd2 20. Bxd2 Nd5
21. e4 Nf4 22. Bxf4 Qxf4 23. Rxc4 Qe3+ 24. Kh1 Rxc4 25. Qxc4 Rd8 26. Rd1 h5 27.
d5 h4 28. Qc7 Rf8 29. Qc1 Qf2 30. Rd2 Qe3 31. Rd1 Qf2 32. Qd2 Qxd2 33. Rxd2 Rc8
34. Kg1 Kf8 35. Kf2 Ke7 36. Ke3 g5 37. Kd4 b5 38. Ke5 f6+ 39. Kf5 Rc5 40. g3 h3
41. f4 Rc1 42. d6+ Kd8 43. fxg5 fxg5 44. Ke6 1/2-1/2

[Event "Hessen-ch A"]
[Site "Frankfurt/Main"]
[Date "2019.05.31"]
[Round "3"]
[White "Kosak, Matjaz"]
[Black "Kuhn, Gerhard"]
[Result "0-1"]
[WhiteElo "1869"]
[BlackElo "1977"]
[PlyCount "70"]
[EventDate "2019.05.30"]
[EventType "swiss"]
[EventRounds "7"]
[EventCountry "GER"]

1. e4 c6 2. d4 d5 3. exd5 cxd5 4. Bd3 Nc6 5. c3 Nf6 6. Bf4 Bg4 7. Qb3 Qc8 8.
Nd2 e6 9. Ngf3 Be7 10. O-O O-O 11. Ne5 Bh5 12. Qc2 a6 13. a4 Bg6 14. Nxg6 hxg6
15. Nf3 Qd8 16. Rae1 Rc8 17. Ng5 Nxd4 18. Qb1 Nf5 19. Nxe6 fxe6 20. Rxe6 Rc6
21. Bxf5 gxf5 22. Rxc6 bxc6 23. Qxf5 Qd7 24. Qg6 Ne4 25. Bh6 Bc5 26. Be3 Bxe3
27. fxe3 Rxf1+ 28. Kxf1 Qf7+ 29. Qxf7+ Kxf7 30. Ke2 Ke6 31. a5 Ke5 32. h4 c5
33. g4 c4 34. h5 Kf6 35. Kf3 Kg5 0-1

[Event "Hessen-ch A"]
[Site "Frankfurt/Main"]
[Date "2019.05.31"]
[Round "3"]
[White "Muth, Andreas"]
[Black "Ruhl, Moritz"]
[Result "1/2-1/2"]
[WhiteElo "2030"]
[BlackElo "1867"]
[PlyCount "87"]
[EventDate "2019.05.30"]
[EventType "swiss"]
[EventRounds "7"]
[EventCountry "GER"]

1. c4 g6 2. Nf3 Bg7 3. Nc3 Nf6 4. e4 d6 5. d4 O-O 6. g3 c6 7. Bg2 Nbd7 8. O-O
e5 9. h3 Qe7 10. Be3 b6 11. Qc2 Bb7 12. Rfd1 Rac8 13. a4 a6 14. Qe2 c5 15. d5
a5 16. Kh2 Nh5 17. Rac1 Ba6 18. b3 f5 19. exf5 Rxf5 20. Nh4 Rf7 21. Ne4 Qf8 22.
Ng5 Re7 23. Ne6 Qf7 24. Nf3 h6 25. Qd2 g5 26. h4 g4 27. Ng1 Qg6 28. Re1 Ndf6
29. Ne2 Rce8 30. Nc3 Kh8 31. Bf1 Bc8 32. Nxg7 Kxg7 33. Bd3 e4 34. Bf1 Nd7 35.
Bg2 Ndf6 36. Bf4 Nxf4 37. Qxf4 Re5 38. Nb5 Nh5 39. Qe3 Bd7 40. Qc3 Bxb5 41.
axb5 Qf6 42. Re2 Kg6 43. Rce1 Qf5 44. Qc2 1/2-1/2

[Event "Hessen-ch A"]
[Site "Frankfurt/Main"]
[Date "2019.05.31"]
[Round "3"]
[White "Nies, Peter"]
[Black "Krychevskiy, Dmytro"]
[Result "1/2-1/2"]
[WhiteElo "2060"]
[BlackElo "1927"]
[PlyCount "39"]
[EventDate "2019.05.30"]
[EventType "swiss"]
[EventRounds "7"]
[EventCountry "GER"]

{[%evp 0,39,23,8,56,83,99,65,65,41,66,42,106,87,84,9,19,19,104,91,82,67,55,43,
42,99,120,25,25,33,54,33,33,45,15,15,41,14,51,2,9,-47]} 1. e4 c6 2. d4 d5 3. e5
Bf5 4. Nf3 e6 5. Be2 c5 6. O-O Nc6 7. Be3 Qb6 8. b3 Nb4 9. Na3 Qa5 10. Qc1 a6
11. Rd1 Nc6 12. dxc5 Bxc5 13. Bxc5 Qxc5 14. c4 Nge7 15. cxd5 Qxc1 16. Raxc1
Nxd5 17. Nc4 O-O 18. Nd6 Nf4 19. Bf1 Bg4 20. Re1 1/2-1/2

[Event "Hessen-ch A"]
[Site "Frankfurt/Main"]
[Date "2019.05.31"]
[Round "3"]
[White "Ochs, Daniel Elias"]
[Black "Rosenberger, Frank"]
[Result "1-0"]
[WhiteElo "1906"]
[BlackElo "2046"]
[PlyCount "65"]
[EventDate "2019.05.30"]
[EventType "swiss"]
[EventRounds "7"]
[EventCountry "GER"]

1. d4 d5 2. c4 e6 3. Nf3 c6 4. Qc2 Nf6 5. Nbd2 Nbd7 6. g3 Bd6 7. Bg2 O-O 8. O-O
Qe7 9. Re1 b6 10. e4 Nxe4 11. Nxe4 dxe4 12. Qxe4 Bb7 13. Bd2 Nf6 14. Qc2 Bb4
15. Bxb4 Qxb4 16. a3 Qd6 17. b4 Rfd8 18. Ne5 Qc7 19. Rad1 Rac8 20. c5 Nd5 21.
Nc4 Ba6 22. Nd6 Rb8 23. Bxd5 cxd5 24. Qd2 Bc4 25. Rc1 b5 26. f4 g6 27. Rc3 a5
28. Rf3 axb4 29. axb4 Ra8 30. f5 exf5 31. Nxf5 Rd7 32. Qg5 Qd8 33. Ne7+ 1-0

[Event "Hessen-ch A"]
[Site "Frankfurt/Main"]
[Date "2019.05.31"]
[Round "3"]
[White "Rabiya, Karim"]
[Black "Mudrinic, Nenad"]
[Result "0-1"]
[WhiteElo "1826"]
[BlackElo "1897"]
[PlyCount "130"]
[EventDate "2019.05.30"]
[EventType "swiss"]
[EventRounds "7"]
[EventCountry "GER"]

1. e4 c5 2. Nf3 e6 3. d4 cxd4 4. Nxd4 Nf6 5. Nc3 Bb4 6. Qd3 Nc6 7. Nxc6 bxc6 8.
Bg5 Qa5 9. Bd2 d5 10. exd5 Nxd5 11. Ne4 O-O 12. c3 Be7 13. Be2 Nf6 14. c4 Qd8
15. Rd1 Qxd3 16. Bxd3 Bb7 17. Bg5 Bb4+ 18. Ke2 Nd7 19. a3 Ba5 20. Be7 Rfe8 21.
Bd6 f5 22. Ng3 Bd8 23. c5 Nf6 24. Rhe1 Be7 25. Bc4 Nd5 26. Bxe7 Rxe7 27. Kf1
Kf7 28. Re5 g6 29. b4 a5 30. Rb1 axb4 31. axb4 Ba6 32. Bxa6 Rxa6 33. Ree1 Rb7
34. Ra1 Rxa1 35. Rxa1 Nxb4 36. Rb1 Rb5 37. Ne2 Na6 38. Ra1 Nxc5 39. Nd4 Rb6 40.
Rc1 e5 41. Nxf5 gxf5 42. Rxc5 Ke6 43. h3 Kd6 44. Rc4 Kd5 45. Rh4 Rb7 46. f4 c5
47. Rh5 Rf7 48. fxe5 Kxe5 49. Ke2 Kd4 50. Rh4+ Kc3 51. Rf4 c4 52. g4 Re7+ 53.
Kf3 fxg4+ 54. hxg4 Kd3 55. Rf6 c3 56. Rd6+ Kc2 57. g5 Kc1 58. g6 hxg6 59. Rxg6
c2 60. Kf2 Re5 61. Rb6 Kd2 62. Rd6+ Kc3 63. Rc6+ Kd3 64. Rc8 Re4 65. Rd8+ Kc3
0-1